000 01037nam a22002651u 4500
001 12280
003 HDC
007 cr bn ---
008 210209p2003 my eng
040 _aHDC
100 _aSiah, Watt Moey,
_eauthor
_912665
245 0 _aEffect of potassium sorbate dips on refrigerated storage of modified atmosphere packed barramundi (Lates calcarifer) fillets /
_cby Siah Watt Moey and Mohd. Ariff Wahid
260 _aSerdang :
_bMalaysian Agricultural Research and Development Institute (MARDI),
_c2003
300 _a2 pages
336 _atext
_2rdacontent
337 _acomputer
_2rdamedia
338 _aonline resource
_2rdacarrier
650 _aModified atmosphere packaging
_912666
650 _aPotassium sorbate
_912804
650 _aShelf life extension,
_912805
856 _zRequest full-text at [email protected]
942 _2lcc
942 _cAR
942 _kJART 003071
999 _c9603
_d9603